| Registos Bibliográficos associados ao registo de autoridade |
|
Etiqueta de registo: 00000nam 2200025 450 001 1939698 003 http://id.bnportugal.gov.pt/bib/catbnp/1939698 010 ## $a978-989-8712-31-8 021 ## $aPT$b406343/16 100 ## $a20160823d2016 m y0pory01030103ba 101 0# $apor$aeng 102 ## $aPT 105 ## $aa z 000yy 106 ## $ar 200 1# $a A beleza não tem idade$fconceção e dir. Luna Marques$gfot. Carlos Ramos, Carlos Rodrigues, Paulo César$gtrad. Ana Brígida Paiva 210 #9 $aLisboa$cSanta Casa da Misericórdia de Lisboa,$d2016 215 ## $a119, [1] p.$cmuito il.$d35 cm 305 ## $aEd. bilingue em português e inglês 675 ## $a77Ramos, Carlos$vBN$zpor$31655368 675 ## $a77Rodrigues, Carlos$vBN$zpor$31655369 675 ## $a77César, Paulo$vBN$zpor$31655370 675 ## $a77.04(=1:469)"19/20"$vBN$zpor$31507443 702 #1 $aMarques,$bLuna$4300$31654811 702 #1 $96$aRodrigues,$bCarlos$4600$31589832 702 #1 $92$aRamos,$bCarlos$4600$3286391 702 #1 $aCésar,$bPaulo$4600$31654812 702 #1 $aPaiva,$bAna Brígida$4730$31654813 801 #0 $aPT$bBN$gRPC 856 41 $uhttp://rnod.bnportugal.gov.pt/ImagesBN/winlibimg.aspx?skey=&doc=1939698&img=81345&save=true 900 ## $aBIBNAC$d20160916 966 ## $lBN$mFGMON$sB.A. 4428 A. $x1 966 ## $lBN$mFGMON$sB.A. 4428 A.-D $x1
Etiqueta de registo: 00254nam 2200025 450 001 2283772 003 http://id.bnportugal.gov.pt/bib/catbnp/2283772 100 ## $a20260407d2026 k y0pory01030103ba 101 0# $apor$deng 102 ## $aPT 105 ## $aa m 000yy 106 ## $ar 200 1# $aRepresentações de Macau e de Hong Kong na literatura infanto-juvenil portuguesa e
britânica na transição do século XX para o século XXI$fAna Brígida Matias Paiva$gorient. Gabriela Gândara Terenas, Rogério Miguel Puga 205 ## $a1 CD-ROM 210 #9 $aLisboa$c[s.n.],$d2026 215 ## $aXVII, 366 p.$cil.$d30 cm 305 ## $aEd. impressa e em CD-ROM 307 ## $aEd. impressa não contém CD-ROM 328 #1 $aTese dout. Literaturas e Culturas Modernas (Estudos Literários Comparados), Faculdade
de Ciências Sociais e Humanas, Universidade NOVA de Lisboa, 2026 675 ## $a821.134.3-93"19/20".09(043)$vBN$zpor$31623655 675 ## $a821.111-93"19/20".09(043)$vBN$zpor$31998368 675 ## $a316.72(512.317+512.318)(043)$vBN$zpor$31998369 700 #1 $aPaiva,$bAna Brígida$31654813 702 #1 $aTerenas,$bGabriela Gândara$4727$375887 702 #1 $aPuga,$bRogério Miguel,$f1974-$4727$31151955 801 #0 $aPT$bBN$gRPC 966 ## $lBN$mDEM$x1 966 ## $lBN$mFGMON$sL. 181814 V.$x1 971 ## $cssilva$d20260407 973 ## $cigoulao$d20260513
|
|
|